[Event "AUS-ch"]
[Site "Sydney"]
[Date "2010.01.04"]
[Round "3"]
[White "Hamilton, Douglas Gibson"]
[Black "Lazarus, Benjamin"]
[Result "1-0"]
[WhiteElo "2193"]
[BlackElo "2162"]
[PlyCount "79"]
[EventDate "2010.01.02"]
[EventType "swiss"]
[EventRounds "11"]
[EventCountry "AUS"]
[SourceTitle "CBM 134 Extra"]
[Source "ChessBase"]
[SourceDate "2010.03.03"]
[SourceVersion "1"]
[SourceVersionDate "2010.03.03"]
[SourceQuality "1"]

1. e4 e6 2. d4 d5 3. Nc3 Nf6 4. Bg5 Bb4 5. e5 h6 6. Bd2 Bxc3 7. bxc3 Ne4 8. Qg4 Nxd2 9. Qxg7 Rf8 10. Kxd2 c5 11. Qxh6 Nc6 12. Nf3 Qa5 13. Qf4 b6 14. Bd3 Ba6 15. a4 Rc8 16. Rhb1 Ne7 17. Bb5+ Kd8 18. Ng5 Nf5 19. dxc5 d4 20. Bxa6 Qxa6 21. g4 Qa5 22. gxf5 Rxc5 23. Ke1 Qxc3+ 24. Kf1 Rg8 25. h4 Qc4+ 26. Kg1 Kc8 27. Rb5 Rc7 28. Qe4 Kb8 29. f6 Rd8 30. Rb3 Rd5 31. a5 b5 32. h5 Qc5 33. Re1 Rd8 34. h6 Rg8 35. Rg3 Rg6 36. h7 Rh6 37. a6 Qc6 38. Nxf7 Rh5 39. Rg8+ Rc8 40. Qxc6 1-0

[Event "Commonwealth op"]
[Site "Singapore"]
[Date "2009.12.13"]
[Round "7"]
[White "Thakur, Akash"]
[Black "Lazarus, Benjamin"]
[Result "1-0"]
[WhiteElo "2368"]
[BlackElo "2168"]
[PlyCount "65"]
[EventDate "2009.12.10"]
[EventType "swiss"]
[EventRounds "9"]
[EventCountry "SIN"]
[SourceTitle "CBM 133 Extra"]
[Source "ChessBase"]
[SourceDate "2010.01.05"]
[SourceVersion "1"]
[SourceVersionDate "2010.01.05"]
[SourceQuality "1"]

1. e4 e6 2. d4 d5 3. Nc3 Nf6 4. Bg5 Bb4 5. e5 h6 6. Bc1 Ne4 7. Qg4 g6 8. Nge2 c5 9. a3 Ba5 10. b4 Nxc3 11. Nxc3 cxb4 12. Nb5 b3+ 13. c3 Kf8 14. Qf3 Nc6 15. Bd3 Nxd4 16. Nxd4 Bxc3+ 17. Bd2 Bxd4 18. Bxg6 f5 19. Rb1 Bxe5 20. Rxb3 b6 21. g4 f4 22. Bxf4 Bxf4 23. Qxf4+ Ke7 24. Rc3 Rf8 25. Qxh6 Kd6 26. 0-0 Ba6 27. Rfc1 Rc8 28. Rxc8 Bxc8 29. Qg7 Bd7 30. Qd4 a5 31. f4 Bc6 32. Qe5+ Kd7 33. f5 1-0

[Event "Commonwealth op"]
[Site "Singapore"]
[Date "2009.12.12"]
[Round "6"]
[White "Lazarus, Benjamin"]
[Black "Lee, Kim Han Edward"]
[Result "1/2-1/2"]
[WhiteElo "2168"]
[BlackElo "2114"]
[PlyCount "40"]
[EventDate "2009.12.10"]
[EventType "swiss"]
[EventRounds "9"]
[EventCountry "SIN"]
[SourceTitle "CBM 133 Extra"]
[Source "ChessBase"]
[SourceDate "2010.01.05"]
[SourceVersion "1"]
[SourceVersionDate "2010.01.05"]
[SourceQuality "1"]

1. e4 c5 2. Nf3 d6 3. Bb5+ Nd7 4. 0-0 a6 5. Bxd7+ Bxd7 6. d4 cxd4 7. Qxd4 e5 8. Qd1 h6 9. Nc3 Nf6 10. h3 Bc6 11. Re1 Be7 12. Nd2 0-0 13. Nf1 Re8 14. Qd3 Bf8 15. Ne3 Rc8 16. Rd1 b5 17. a3 g6 18. Bd2 Qb6 19. Be1 Red8 20. Rac1 h5 1/2-1/2

[Event "Commonwealth op"]
[Site "Singapore"]
[Date "2009.12.10"]
[Round "1"]
[White "Lim, Yee Weng"]
[Black "Lazarus, Benjamin"]
[Result "1/2-1/2"]
[WhiteElo "2336"]
[BlackElo "2168"]
[PlyCount "78"]
[EventDate "2009.12.10"]
[EventType "swiss"]
[EventRounds "9"]
[EventCountry "SIN"]
[SourceTitle "CBM 133 Extra"]
[Source "ChessBase"]
[SourceDate "2010.01.05"]
[SourceVersion "1"]
[SourceVersionDate "2010.01.05"]
[SourceQuality "1"]

1. e4 e6 2. d4 d5 3. Nd2 c5 4. exd5 Qxd5 5. Ngf3 cxd4 6. Bc4 Qd6 7. 0-0 Nf6 8. Nb3 Nc6 9. Nbxd4 Nxd4 10. Nxd4 a6 11. Re1 Qc7 12. Qe2 Be7 13. Bg5 0-0 14. Rad1 e5 15. Nf3 e4 16. Bxf6 Bxf6 17. Qxe4 Bd7 18. Bd5 Rae8 19. Qb4 Rxe1+ 20. Rxe1 b5 21. c3 a5 22. Qe4 h6 23. h3 Re8 24. Qb1 Rb8 25. a3 b4 26. axb4 axb4 27. cxb4 Rxb4 28. b3 Qc5 29. Rd1 Bc6 30. Bxc6 Qxc6 31. Rd3 Rb8 32. Qd1 Ra8 33. Qe2 Ra1+ 34. Rd1 Ra8 35. Qc4 Qb7 36. Rc1 Rb8 37. Qd3 g6 38. Rb1 Qb4 39. Qd5 Rb5 1/2-1/2

[Event "Doeberl Cup 46th"]
[Site "Canberra"]
[Date "2008.03.21"]
[Round "3"]
[White "Lazarus, Benjamin"]
[Black "Redgrave, John"]
[Result "1-0"]
[WhiteElo "2143"]
[BlackElo "1841"]
[PlyCount "57"]
[EventDate "2008.03.20"]
[EventType "swiss"]
[EventRounds "9"]
[EventCountry "AUS"]
[SourceTitle "CBM 123 Extra"]
[Source "ChessBase"]
[SourceDate "2008.05.06"]
[SourceVersion "1"]
[SourceVersionDate "2008.05.06"]
[SourceQuality "1"]

1. e4 Nf6 2. Nc3 d5 3. exd5 Nxd5 4. Nf3 Bg4 5. Bc4 c6 6. 0-0 e6 7. Ne4 Be7 8. h3 Bh5 9. Re1 Nd7 10. d4 0-0 11. c3 Kh8 12. Bd3 c5 13. Ng3 Bg6 14. Bxg6 hxg6 15. Qb3 cxd4 16. Nxd4 Qb6 17. Qd1 Rad8 18. Qf3 Bf6 19. Nb3 Rfe8 20. Ne4 Ne5 21. Qg3 Nc4 22. Nxf6 Nxf6 23. Qh4+ Kg8 24. Qxc4 Rd5 25. Be3 Qd6 26. Nd4 Nd7 27. Qe2 e5 28. Nb5 Qb8 29. c4 1-0

[Event "Doeberl Cup 46th"]
[Site "Canberra"]
[Date "2008.03.21"]
[Round "4"]
[White "Zozulia, Anna"]
[Black "Lazarus, Benjamin"]
[Result "1/2-1/2"]
[WhiteElo "2344"]
[BlackElo "2143"]
[PlyCount "129"]
[EventDate "2008.03.20"]
[EventType "swiss"]
[EventRounds "9"]
[EventCountry "AUS"]
[SourceTitle "CBM 123 Extra"]
[Source "ChessBase"]
[SourceDate "2008.05.06"]
[SourceVersion "1"]
[SourceVersionDate "2008.05.06"]
[SourceQuality "1"]

1. e4 e6 2. d4 d5 3. Nd2 c5 4. exd5 Qxd5 5. Ngf3 cxd4 6. Bc4 Qd6 7. 0-0 Nf6 8. Nb3 Nc6 9. Nbxd4 Nxd4 10. Qxd4 Bd7 11. Bf4 Qxd4 12. Nxd4 Bc5 13. Nf3 Ke7 14. Ne5 Rhd8 15. Be2 Nd5 16. Bg3 Be8 17. Bf3 f6 18. Nd3 Bd6 19. Bxd5 exd5 20. Rfe1+ Kf7 21. Rad1 Bb5 22. Bxd6 Rxd6 23. Nc1 Rad8 24. Rd4 Re6 25. Rxe6 Kxe6 26. f3 Rc8 27. c3 g5 28. Kf2 Re8 29. Nb3 Kd6 30. Rd2 Bc4 31. Na5 Ba6 32. a3 Kc5 33. Nb3+ Kc4 34. Nd4 b6 35. Re2 Rxe2+ 36. Kxe2 Bc8 37. Kd2 Bd7 38. b3+ Kc5 39. Ke3 b5 40. g4 a5 41. Kd3 b4 42. cxb4+ axb4 43. a4 Bc8 44. Ke3 Bd7 45. h3 Bc8 46. Nf5 Bd7 47. Ng3 Bc6 48. Ne2 Bd7 49. Nc1 d4+ 50. Kd2 Be6 51. Nd3+ Kb6 52. Nxb4 Bxb3 53. a5+ Kxa5 54. Nc6+ Kb6 55. Nxd4 Bd5 56. Ke3 Kc5 57. Nf5 Be6 58. Ng7 Bf7 59. f4 Kd5 60. Nf5 h5 61. Nh6 hxg4 62. hxg4 gxf4+ 63. Kxf4 Bg6 64. g5 fxg5+ 65. Kxg5 1/2-1/2

[Event "Gibraltar Masters 6th"]
[Site "Gibraltar"]
[Date "2008.01.28"]
[Round "7"]
[White "Skage, Oystein Aagedal"]
[Black "Lazarus, Benjamin"]
[Result "0-1"]
[WhiteElo "1919"]
[BlackElo "2143"]
[PlyCount "42"]
[EventDate "2008.01.22"]
[EventType "swiss"]
[EventRounds "10"]
[EventCountry "ENG"]
[SourceTitle "CBM 122 Extra"]
[Source "ChessBase"]
[SourceDate "2008.03.04"]
[SourceVersion "1"]
[SourceVersionDate "2008.03.04"]
[SourceQuality "1"]

1. e4 e6 2. d4 d5 3. Nc3 Nf6 4. e5 Nfd7 5. f4 c5 6. Nf3 Nc6 7. Be3 cxd4 8. Nxd4 Bc5 9. Qd2 0-0 10. 0-0-0 a6 11. Nb3 b6 12. h4 Qc7 13. g4 Bb7 14. Bg2 Rac8 15. Rh2 Bb4 16. a3 Bc5 17. Ne2 Bxe3 18. Qxe3 Ncxe5 19. Ned4 Nxg4 20. Qg3 Nxh2 21. Qxh2 Nc5 0-1

[Event "Gibraltar Masters 6th"]
[Site "Gibraltar"]
[Date "2008.01.27"]
[Round "6"]
[White "Lazarus, Benjamin"]
[Black "Pettersen, Joar Gullestad"]
[Result "1/2-1/2"]
[WhiteElo "2143"]
[BlackElo "2026"]
[PlyCount "76"]
[EventDate "2008.01.22"]
[EventType "swiss"]
[EventRounds "10"]
[EventCountry "ENG"]
[SourceTitle "CBM 122 Extra"]
[Source "ChessBase"]
[SourceDate "2008.03.04"]
[SourceVersion "1"]
[SourceVersionDate "2008.03.04"]
[SourceQuality "1"]

1. e4 e5 2. Nf3 Nc6 3. Bb5 a6 4. Ba4 Nf6 5. 0-0 b5 6. Bb3 Nxe4 7. d4 d5 8. dxe5 Be6 9. Nbd2 Be7 10. c3 0-0 11. Bc2 f5 12. Nb3 Qe8 13. Nfd4 Nxd4 14. cxd4 c5 15. f3 c4 16. fxe4 cxb3 17. Bxb3 fxe4 18. Rxf8+ Qxf8 19. Be3 Qf5 20. Rc1 a5 21. Rc7 Bd8 22. Rc5 Bg5 23. Bxg5 Qxg5 24. Qe1 a4 25. Bxd5 Bxd5 26. Rxd5 Rc8 27. Rc5 Rxc5 28. dxc5 Qxe5 29. Qc3 Qxc3 30. bxc3 Kf7 31. c6 Ke6 32. Kf2 Kd6 33. Ke3 Kxc6 34. Kxe4 Kc5 35. Kd3 Kd5 36. Ke3 Kc4 37. Kd2 g6 38. Kc2 Kd5 1/2-1/2

[Event "Gibraltar Masters 6th"]
[Site "Gibraltar"]
[Date "2008.01.23"]
[Round "2"]
[White "Lazarus, Benjamin"]
[Black "Arakhamia Grant, Ketevan"]
[Result "1/2-1/2"]
[WhiteElo "2143"]
[BlackElo "2457"]
[PlyCount "118"]
[EventDate "2008.01.22"]
[EventType "swiss"]
[EventRounds "10"]
[EventCountry "ENG"]
[SourceTitle "CBM 122 Extra"]
[Source "ChessBase"]
[SourceDate "2008.03.04"]
[SourceVersion "1"]
[SourceVersionDate "2008.03.04"]
[SourceQuality "1"]

1. e4 c5 2. Nf3 e6 3. d4 cxd4 4. Nxd4 Nc6 5. Nc3 d6 6. Be3 Nf6 7. Bc4 a6 8. Qe2 Be7 9. 0-0-0 0-0 10. Rhg1 Nxd4 11. Bxd4 b5 12. Bb3 Nd7 13. g4 Bg5+ 14. Kb1 Qc7 15. h4 Bf4 16. g5 Nc5 17. h5 b4 18. g6 hxg6 19. Nd5 exd5 20. Bxd5 Be6 21. Bxa8 Rxa8 22. hxg6 f6 23. Rh1 Rc8 24. Rh7 Nd7 25. Rdh1 Kf8 26. b3 Ne5 27. Rh8+ Ke7 28. Rxc8 Qxc8 29. Rh7 Bh6 30. Qh5 Ng4 31. f3 Bg8 32. Qxg4 Qxg4 33. fxg4 Be6 34. g5 fxg5 35. Bxg7 Bxg7 36. Rxg7+ Kf6 37. Ra7 g4 38. Rxa6 g3 39. Rxd6 g2 40. Rd1 Bg4 41. Rg1 Bf3 42. Kc1 Bxe4 43. Kd2 Kxg6 44. Ke3 Kf5 45. Kd4 Kf4 46. c4 bxc3 47. Kxc3 Ke3 48. a4 Kf2 49. Rxg2+ Bxg2 50. Kd4 Kf3 51. b4 Kf4 52. b5 Kf5 53. Kc5 Ke6 54. Kb6 Kd6 55. Ka6 Kc5 56. b6 Kb4 57. a5 Ka4 58. b7 Bxb7+ 59. Kxb7 Kxa5 1/2-1/2

[Event "AUS-ch"]
[Site "Parramatta"]
[Date "2008.01.10"]
[Round "10"]
[White "Lazarus, Benjamin"]
[Black "Boyd, Tristan"]
[Result "1/2-1/2"]
[WhiteElo "2143"]
[BlackElo "2270"]
[PlyCount "95"]
[EventDate "2008.01.02"]
[EventType "swiss"]
[EventRounds "11"]
[EventCountry "AUS"]
[SourceTitle "CBM 122 Extra"]
[Source "ChessBase"]
[SourceDate "2008.03.04"]
[SourceVersion "1"]
[SourceVersionDate "2008.03.04"]
[SourceQuality "1"]

1. e4 c5 2. Nf3 d6 3. Bb5+ Bd7 4. Bxd7+ Qxd7 5. c4 g6 6. Nc3 Bg7 7. d4 cxd4 8. Nxd4 Nf6 9. f3 0-0 10. Be3 Nc6 11. 0-0 a6 12. Qd2 Nxd4 13. Bxd4 b5 14. cxb5 axb5 15. b3 b4 16. Na4 Rab8 17. Rac1 Rb5 18. Rfd1 Qb7 19. Qe3 Nd7 20. Bxg7 Kxg7 21. Rc2 Rc8 22. Rdc1 Rxc2 23. Rxc2 f6 24. Kh1 Nc5 25. Nxc5 dxc5 26. e5 Qc7 27. exf6+ exf6 28. g4 Ra5 29. h4 Qa7 30. Qe2 Ra6 31. Rd2 Qb7 32. Kg2 Ra7 33. Qe8 Qe7 34. Qxe7+ Rxe7 35. Kf2 Kf7 36. Rc2 Re5 37. f4 Rd5 38. Ke3 f5 39. g5 Ke6 40. h5 Kd6 41. Rh2 Kc6 42. hxg6 hxg6 43. Rh8 Rd6 44. Rf8 Re6+ 45. Kd3 Rd6+ 46. Ke3 Re6+ 47. Kd3 Rd6+ 48. Ke3 1/2-1/2

[Event "AUS-ch"]
[Site "Parramatta"]
[Date "2008.01.09"]
[Round "9"]
[White "Hu, Jason"]
[Black "Lazarus, Benjamin"]
[Result "0-1"]
[WhiteElo "2120"]
[BlackElo "2143"]
[PlyCount "72"]
[EventDate "2008.01.02"]
[EventType "swiss"]
[EventRounds "11"]
[EventCountry "AUS"]
[SourceTitle "CBM 122 Extra"]
[Source "ChessBase"]
[SourceDate "2008.03.04"]
[SourceVersion "1"]
[SourceVersionDate "2008.03.04"]
[SourceQuality "1"]

1. c4 c5 2. Nf3 g6 3. e3 Bg7 4. d4 Nf6 5. Nc3 0-0 6. Bd3 cxd4 7. exd4 d5 8. 0-0 Nc6 9. h3 b6 10. Bg5 Be6 11. c5 bxc5 12. dxc5 Qa5 13. Bb5 Rac8 14. Qa4 Qxa4 15. Nxa4 Ne4 16. Bxc6 Rxc6 17. Bxe7 Re8 18. Bd6 Nxd6 19. cxd6 Rxd6 20. Rad1 Ra6 21. b3 Rc8 22. Rd2 Rac6 23. Rfd1 Bh6 24. Re2 Rc2 25. Rde1 Rxe2 26. Rxe2 Rc1+ 27. Kh2 Kf8 28. b4 Rc4 29. a3 Bc1 30. Ra2 d4 31. Re2 d3 32. Re1 Bxa3 33. Nc5 Bxb4 34. Nxe6+ fxe6 35. Rd1 d2 36. Nxd2 Rd4 0-1

[Event "AUS-ch"]
[Site "Parramatta"]
[Date "2008.01.03"]
[Round "2"]
[White "Rej, Tomek"]
[Black "Lazarus, Benjamin"]
[Result "0-1"]
[WhiteElo "2283"]
[BlackElo "2143"]
[PlyCount "84"]
[EventDate "2008.01.02"]
[EventType "swiss"]
[EventRounds "11"]
[EventCountry "AUS"]
[SourceTitle "CBM 122 Extra"]
[Source "ChessBase"]
[SourceDate "2008.03.04"]
[SourceVersion "1"]
[SourceVersionDate "2008.03.04"]
[SourceQuality "1"]

1. d4 Nf6 2. c4 e6 3. Nc3 Bb4 4. a3 Bxc3+ 5. bxc3 c5 6. e3 Nc6 7. Bd3 0-0 8. Ne2 b6 9. 0-0 Ne8 10. e4 Ba6 11. f4 f5 12. Ng3 g6 13. Be3 cxd4 14. cxd4 d5 15. exd5 exd5 16. cxd5 Bxd3 17. dxc6 Bxf1 18. Qb3+ Rf7 19. Nxf1 Nf6 20. Nd2 Qd5 21. Rc1 Rc8 22. Qa4 Re7 23. Bf2 Rec7 24. Qa6 Qe6 25. Re1 Qxc6 26. Nf3 Qc4 27. Qxc4+ Rxc4 28. Re7 Re8 29. Re5 Rc3 30. Bh4 Rc1+ 31. Ne1 Kf7 32. Bxf6 Rxe1+ 33. Kf2 R1xe5 34. fxe5 Ke6 35. Ke3 Kd5 36. Kd3 Rc8 37. g3 b5 38. Be7 Rc4 39. Bc5 Rxc5 40. dxc5 Kxe5 41. Kc3 a5 42. a4 Kd5 0-1

[Event "Sydney op"]
[Site "Parramatta"]
[Date "2007.04.13"]
[Round "6"]
[White "Lazarus, Benjamin"]
[Black "Canfell, Mike J"]
[Result "1-0"]
[WhiteElo "2140"]
[BlackElo "1976"]
[PlyCount "102"]
[EventDate "2007.04.10"]
[EventType "swiss"]
[EventRounds "9"]
[EventCountry "AUS"]
[SourceTitle "CBM 117 Extra"]
[Source "ChessBase"]
[SourceDate "2007.05.09"]
[SourceVersion "1"]
[SourceVersionDate "2007.05.09"]
[SourceQuality "1"]

1. e4 c5 2. Nf3 d6 3. d4 cxd4 4. Nxd4 Nf6 5. Nc3 a6 6. f4 e6 7. Qf3 Qb6 8. Nb3 Qc7 9. g4 b5 10. Bd3 Bb7 11. g5 Nfd7 12. Qh3 b4 13. Ne2 d5 14. e5 g6 15. Nbd4 Nc6 16. Be3 Nxd4 17. Bxd4 Bc5 18. c3 bxc3 19. bxc3 Ke7 20. Kf2 a5 21. Rab1 Ba6 22. Bb5 Bxb5 23. Rxb5 Rab8 24. Rhb1 Rxb5 25. Rxb5 Rb8 26. Qd3 Rxb5 27. Qxb5 Qb6 28. Bxc5+ Qxc5+ 29. Qxc5+ Nxc5 30. Ke3 Kd7 31. Kd4 Kc6 32. c4 dxc4 33. Kxc4 Kb6 34. Nc3 Kc6 35. Nb5 Ne4 36. Nd6 Nxd6+ 37. exd6 Kxd6 38. Kb5 Kd5 39. Kxa5 Ke4 40. Kb4 Kxf4 41. a4 e5 42. Kc3 Kxg5 43. a5 f5 44. a6 e4 45. a7 h5 46. a8Q Kg4 47. Kd4 g5 48. Qa3 h4 49. h3+ Kh5 50. Ke5 g4 51. Kxf5 gxh3 1-0

[Event "AUS-ch U18"]
[Site "Canberra"]
[Date "2007.01.24"]
[Round "9"]
[White "Wei, Michael"]
[Black "Lazarus, Benjamin"]
[Result "1-0"]
[WhiteElo "2120"]
[BlackElo "1954"]
[PlyCount "53"]
[EventDate "2007.01.14"]
[EventType "swiss"]
[EventRounds "11"]
[EventCountry "AUS"]
[SourceTitle "EXT 2008"]
[Source "ChessBase"]
[SourceDate "2007.11.25"]
[SourceVersion "1"]
[SourceVersionDate "2007.11.25"]
[SourceQuality "1"]

1. d4 Nf6 2. c4 c5 3. d5 e6 4. Nc3 exd5 5. cxd5 d6 6. e4 g6 7. f4 Bg7 8. Bb5+ Nbd7 9. e5 dxe5 10. fxe5 Nh5 11. e6 Qh4+ 12. Kd2 fxe6 13. dxe6 0-0 14. exd7 Bxd7 15. Bxd7 Rf2+ 16. Nge2 Rd8 17. Qa4 Nf4 18. Kc2 Bxc3 19. Qc4+ Kf8 20. Bxf4 Be5 21. Qxc5+ Kf7 22. Qd5+ Kf8 23. Bxe5 Rxe2+ 24. Kb3 Re3+ 25. Bc3 b5 26. Rhf1+ Rf3 27. Rxf3+ 1-0

[Event "AUS-ch U18"]
[Site "Canberra"]
[Date "2007.01.22"]
[Round "8"]
[White "Lazarus, Benjamin"]
[Black "Van Dijk, Devrim"]
[Result "1-0"]
[WhiteElo "1954"]
[BlackElo "1750"]
[PlyCount "113"]
[EventDate "2007.01.14"]
[EventType "swiss"]
[EventRounds "11"]
[EventCountry "AUS"]
[SourceTitle "EXT 2008"]
[Source "ChessBase"]
[SourceDate "2007.11.25"]
[SourceVersion "1"]
[SourceVersionDate "2007.11.25"]
[SourceQuality "1"]

1. e4 e6 2. d3 d5 3. Nd2 Nf6 4. g3 b6 5. Bg2 Bb7 6. Qe2 Be7 7. Ngf3 Na6 8. 0-0 Nb4 9. e5 Nd7 10. c3 Nc6 11. d4 Ncb8 12. Qe3 c5 13. a3 Nc6 14. b4 Qc7 15. Bb2 0-0 16. Ne1 Ba6 17. Nd3 Bxd3 18. Qxd3 f5 19. exf6 Bxf6 20. Rae1 Qd6 21. f4 Rae8 22. Nf3 c4 23. Qc2 a6 24. a4 b5 25. Re2 Nb6 26. axb5 axb5 27. Rfe1 Re7 28. Bh3 Rfe8 29. Bc1 Na4 30. Bd2 g6 31. Bg4 Kg7 32. h4 h5 33. Bh3 Nd8 34. Ne5 Bxe5 35. fxe5 Qd7 36. Rf2 Rf7 37. Ref1 Ref8 38. Bg5 Nc6 39. Qd2 Rxf2 40. Rxf2 Rxf2 41. Qxf2 Nxc3 42. Qf6+ Kh7 43. Bxe6 Qg7 44. Bg8+ Qxg8 45. Qxc6 Ne2+ 46. Kg2 Nxd4 47. Qd7+ Qg7 48. Qxd5 Qa7 49. Bf6 Nf5 50. Qd8 Nxh4+ 51. gxh4 Qa2+ 52. Kf3 Qb3+ 53. Ke4 Qc2+ 54. Kd5 Qd3+ 55. Ke6 Qxd8 56. Bxd8 c3 57. Kf7 1-0

[Event "Queenstown op"]
[Site "Queenstown"]
[Date "2006.01.17"]
[Round "3"]
[White "Lazarus, Benjamin"]
[Black "Bjelobrk, Igor"]
[Result "1/2-1/2"]
[WhiteElo "2155"]
[BlackElo "2399"]
[PlyCount "94"]
[EventDate "2006.01.15"]
[EventType "swiss"]
[EventRounds "10"]
[EventCountry "NZL"]
[SourceTitle "CBM 110 Extra"]
[Source "ChessBase"]
[SourceDate "2006.03.10"]
[SourceVersion "2"]
[SourceVersionDate "2006.03.10"]
[SourceQuality "1"]

1. e4 e6 2. Nc3 c5 3. Nf3 a6 4. d4 cxd4 5. Nxd4 Qc7 6. f4 b5 7. Bd3 Bb7 8. Bd2 Nc6 9. Nxc6 Bxc6 10. Qe2 Qb7 11. 0-0 b4 12. Nd1 Nf6 13. Nf2 Bc5 14. Rae1 0-0 15. Kh1 a5 16. Nh3 Ne8 17. f5 e5 18. Qh5 Nf6 19. Qh4 d5 20. Rf3 Be7 21. Rg3 Ne8 22. Bg5 f6 23. Bd2 Bc5 24. Be3 Bxe3 25. Rexe3 Nd6 26. exd5 Bxd5 27. Qg4 Ra7 28. Nf2 Rc8 29. b3 a4 30. Re1 axb3 31. axb3 Rca8 32. h4 Kh8 33. Rge3 Ra1 34. Ne4 Qb6 35. Kh2 Rxe1 36. Rxe1 Rc8 37. Nxd6 Qxd6 38. Be4 Bxe4 39. Qxe4 h6 40. Ra1 Kh7 41. Ra4 Qd1 42. Rxb4 Rxc2 43. Rc4 Rb2 44. Rc8 Qd2 45. Qg4 Qf4+ 46. Qxf4 exf4 47. Rc3 h5 1/2-1/2

[Event "AUS-ch U18"]
[Site "Brisbane"]
[Date "2006.01.09"]
[Round "11"]
[White "Lazarus, Benjamin"]
[Black "Lei, Yitao"]
[Result "1/2-1/2"]
[WhiteElo "2155"]
[BlackElo "1907"]
[PlyCount "49"]
[EventDate "2005.12.28"]
[EventType "swiss"]
[EventRounds "11"]
[EventCountry "AUS"]
[SourceTitle "CBM 110 Extra"]
[Source "ChessBase"]
[SourceDate "2006.03.10"]
[SourceVersion "2"]
[SourceVersionDate "2006.03.10"]
[SourceQuality "1"]

1. e4 c5 2. Nf3 a6 3. d4 cxd4 4. Nxd4 Nf6 5. Nc3 e5 6. Nde2 Bc5 7. Ng3 d6 8. Be2 Be6 9. 0-0 Nbd7 10. Nd5 0-0 11. Kh1 b5 12. a4 Rb8 13. axb5 axb5 14. f4 Bxd5 15. exd5 Re8 16. Nf5 Nf8 17. c3 Qd7 18. Ng3 Ng6 19. Ra5 b4 20. c4 exf4 21. Bxf4 Nxf4 22. Rxf4 Re5 23. Ra1 Rbe8 24. Qf1 Qe7 25. Re1 1/2-1/2

[Event "AUS-ch Major"]
[Site "Brisbane"]
[Date "2006.01.07"]
[Round "10"]
[White "Lazarus, Benjamin"]
[Black "Marner, Gavin"]
[Result "1-0"]
[WhiteElo "2155"]
[BlackElo "1975"]
[PlyCount "67"]
[EventDate "2005.12.28"]
[EventType "swiss"]
[EventRounds "11"]
[EventCountry "AUS"]
[SourceTitle "CBM 110 Extra"]
[Source "ChessBase"]
[SourceDate "2006.03.10"]
[SourceVersion "2"]
[SourceVersionDate "2006.03.10"]
[SourceQuality "1"]

1. e4 c5 2. Nf3 d6 3. d4 cxd4 4. Nxd4 Nf6 5. Nc3 a6 6. f4 Qc7 7. Bd3 Nc6 8. Nxc6 bxc6 9. 0-0 e6 10. Qe2 Bb7 11. Bd2 Be7 12. Rae1 Nd7 13. e5 c5 14. exd6 Bxd6 15. Be4 Bxe4 16. Nxe4 Be7 17. Bc3 Nf6 18. f5 e5 19. Nd2 Nd7 20. Nc4 f6 21. Qh5+ Kf8 22. Qf3 Rb8 23. Rd1 Qb7 24. Ba5 Qxf3 25. Rxf3 e4 26. Re3 Ne5 27. Nxe5 fxe5 28. Bc3 Kf7 29. Rxe4 Rhd8 30. Rxd8 Rxd8 31. Rxe5 Rd1+ 32. Re1 Rxe1+ 33. Bxe1 Kf6 34. Bh4+ 1-0

[Event "AUS-ch U18"]
[Site "Brisbane"]
[Date "2006.01.07"]
[Round "10"]
[White "Stojic, Dusan"]
[Black "Lazarus, Benjamin"]
[Result "1-0"]
[WhiteElo "2033"]
[BlackElo "2155"]
[PlyCount "111"]
[EventDate "2005.12.28"]
[EventType "swiss"]
[EventRounds "11"]
[EventCountry "AUS"]
[SourceTitle "CBM 110 Extra"]
[Source "ChessBase"]
[SourceDate "2006.03.10"]
[SourceVersion "2"]
[SourceVersionDate "2006.03.10"]
[SourceQuality "1"]

1. e4 c5 2. Nf3 Nc6 3. d4 cxd4 4. Nxd4 g6 5. Nc3 Bg7 6. Be3 Nf6 7. Bc4 0-0 8. Bb3 a5 9. 0-0 a4 10. Nxa4 Nxe4 11. Nb5 Ra6 12. Qe2 d6 13. c4 Nf6 14. Rfd1 Na5 15. c5 Nxb3 16. axb3 Be6 17. Qd3 Bf5 18. Qd2 Ne4 19. Qe2 Be6 20. Qd3 Bf5 21. Qd5 Qd7 22. Nd4 Nf6 23. Qc4 d5 24. Qe2 e5 25. c6 Rxc6 26. Nxc6 bxc6 27. Bc5 Re8 28. Nb6 Qb7 29. b4 e4 30. h3 Nd7 31. Nxd7 Qxd7 32. Ra7 Qc8 33. Rda1 Be5 34. Qa6 Qxa6 35. R1xa6 Bxb2 36. Rxc6 d4 37. Rca6 e3 38. fxe3 d3 39. Ra8 Rxa8 40. Rxa8+ Kg7 41. Rd8 Kh6 42. Bd4 Bc1 43. Kf2 d2 44. Bc3 Be4 45. Bxd2 Bb2 46. b5 Kg5 47. b6 Kh4 48. Rd7 Be5 49. Rxf7 Bg3+ 50. Kg1 h5 51. b7 g5 52. Be1 Bxe1 53. b8Q Bd2 54. Rf4+ g4 55. Qd8+ Kg3 56. Qxd2 1-0

[Event "AUS-ch Major"]
[Site "Brisbane"]
[Date "2006.01.06"]
[Round "9"]
[White "Tredinnick, Malcolm Robert"]
[Black "Lazarus, Benjamin"]
[Result "1/2-1/2"]
[WhiteElo "2172"]
[BlackElo "2155"]
[PlyCount "48"]
[EventDate "2005.12.28"]
[EventType "swiss"]
[EventRounds "11"]
[EventCountry "AUS"]
[SourceTitle "CBM 110 Extra"]
[Source "ChessBase"]
[SourceDate "2006.03.10"]
[SourceVersion "2"]
[SourceVersionDate "2006.03.10"]
[SourceQuality "1"]

1. c4 g6 2. Nc3 c5 3. g3 Bg7 4. Bg2 Nc6 5. Nf3 e6 6. d4 cxd4 7. Nb5 d6 8. Nbxd4 Nge7 9. 0-0 d5 10. cxd5 Nxd4 11. Nxd4 Nxd5 12. e4 Ne7 13. Nb5 0-0 14. Qe2 Bd7 15. Bg5 h6 16. Be3 Qa5 17. Nd6 Qb5 18. Rfd1 Bc6 19. Rd2 Nc8 20. Qc4 Qa5 21. Qc5 Qxc5 22. Bxc5 Nxd6 23. Bxd6 Rfd8 24. Rad1 Rd7 1/2-1/2

[Event "AUS-ch U18"]
[Site "Brisbane"]
[Date "2006.01.05"]
[Round "8"]
[White "Morris, James"]
[Black "Lazarus, Benjamin"]
[Result "0-1"]
[WhiteElo "1858"]
[BlackElo "2155"]
[PlyCount "54"]
[EventDate "2005.12.28"]
[EventType "swiss"]
[EventRounds "11"]
[EventCountry "AUS"]
[SourceTitle "CBM 110 Extra"]
[Source "ChessBase"]
[SourceDate "2006.03.10"]
[SourceVersion "2"]
[SourceVersionDate "2006.03.10"]
[SourceQuality "1"]

1. c4 c5 2. Nc3 g6 3. e4 Bg7 4. g3 Nc6 5. Bg2 e6 6. Nge2 Nge7 7. 0-0 0-0 8. d3 Nd4 9. Nxd4 cxd4 10. Ne2 e5 11. b4 d6 12. Bb2 f5 13. f4 fxe4 14. dxe4 Be6 15. fxe5 Rxf1+ 16. Bxf1 dxe5 17. Nc1 Nc6 18. a3 Qg5 19. Qe1 Rf8 20. Nb3 Rxf1+ 21. Qxf1 Qe3+ 22. Qf2 Qxb3 23. c5 d3 24. Rf1 Qc2 25. Qxc2 dxc2 26. Bc1 Nd4 27. Be3 Bc4 0-1